Ferrans Valls i Taberner (Record no. 91723)

MARC details
000 -LEADER
campo de control de longitud fija 00755nam a2200217 i 4500
001 - NÚMERO DE CONTROL
campo de control 91723
003 - IDENTIFICADOR DE NÚMERO DE CONTROL
campo de control ES-MaACL
005 - FECHA Y HORA DE LA ÚLTIMA TRANSACCIÓN
campo de control 20230906180809.0
007 - CAMPO FIJO DE DESCRIPCIÓN FÍSICA--INFORMACIÓN GENERAL
campo de control de longitud fija t|
008 - DATOS DE LONGITUD FIJA--INFORMACIÓN GENERAL
campo de control de longitud fija 050209s2004 sp ||||1| cat d
020 ## - NÚMERO INTERNACIONAL ESTÁNDAR DEL LIBRO
Número Internacional Estándar del Libro 84-7283-718-1
080 ## - NÚMERO DE LA CLASIFICACIÓN DECIMAL UNIVERSAL
Número de la Clasificación Decimal Universal 929 Valls i Taberner, Ferran
100 1# - ENTRADA PRINCIPAL--NOMBRE DE PERSONA
Nombre de persona Mas i Solench, Josep M.
9 (RLIN) 78636
245 10 - MENCIÓN DEL TÍTULO
Título Ferrans Valls i Taberner
Resto del título : semblança biográafica : conferència pronunciada davant el Ple /
Mención de responsabilidad, etc. per Josep M. Mas i Solench el dia 20 d'octubre de 2003.
250 ## - MENCION DE EDICION
Mención de edición 1ª ed.
260 ## - PUBLICACIÓN, DISTRIBUCIÓN, ETC.
Lugar de publicación, distribución, etc. Barcelona :
Nombre del editor, distribuidor, etc. Institut d'Estudis Catalans,
Fecha de publicación, distribución, etc. 2004.
300 ## - DESCRIPCIÓN FÍSICA
Extensión 28 p. ;
Dimensiones 24 cm.
600 14 - PUNTO DE ACCESO ADICIONAL DE MATERIA--NOMBRE DE PERSONA
Nombre de persona Valls i Taberner, Ferran.
9 (RLIN) 112942
710 2# - ENTRADA AGREGADA--NOMBRE DE ENTIDAD CORPORATIVA
Nombre de entidad corporativa o nombre de jurisdicción como elemento de entrada Institut d'Estudis Catalans.
9 (RLIN) 4743
852 ## - LOCALIZACIÓN
Ubicación ES-MaACL
Número de control de estantería 2186-F-29
Sublocalización o colección R.133871
Holdings
Estatus retirado Estado de pérdida Estado de daño No para préstamo Colección Biblioteca de origen Biblioteca actual Ubicación en estantería Fecha de adquisición Fuente de adquisición Total de préstamos Signatura topográfica completa Código de barras Visto por última vez Precio de reemplazo Tipo de ítem Koha
        Colección de folletos Biblioteca del Ateneo de Madrid Biblioteca del Ateneo de Madrid Depósito folletos 17/01/2008     2186-F-29 1095766 23/02/2023 23/02/2023 Folleto